<?xml version="1.0" encoding="UTF-8"?><?xml-stylesheet type="text/xsl" href="static/style.xsl"?><OAI-PMH xmlns="http://www.openarchives.org/OAI/2.0/" xmlns:xsi="http://www.w3.org/2001/XMLSchema-instance" xsi:schemaLocation="http://www.openarchives.org/OAI/2.0/ http://www.openarchives.org/OAI/2.0/OAI-PMH.xsd"><responseDate>2026-04-17T16:42:40Z</responseDate><request verb="GetRecord" identifier="oai:riubu.ubu.es:10259/7554" metadataPrefix="marc">https://riubu.ubu.es/oai/request</request><GetRecord><record><header><identifier>oai:riubu.ubu.es:10259/7554</identifier><datestamp>2024-05-14T11:18:48Z</datestamp><setSpec>com_10259_6155</setSpec><setSpec>com_10259_4266</setSpec><setSpec>com_10259.4_106</setSpec><setSpec>com_10259_2604</setSpec><setSpec>col_10259_6156</setSpec></header><metadata><record xmlns="http://www.loc.gov/MARC21/slim" xmlns:doc="http://www.lyncode.com/xoai" xmlns:xsi="http://www.w3.org/2001/XMLSchema-instance" xmlns:dcterms="http://purl.org/dc/terms/" xsi:schemaLocation="http://www.loc.gov/MARC21/slim http://www.loc.gov/standards/marcxml/schema/MARC21slim.xsd">
<leader>00925njm 22002777a 4500</leader>
<datafield tag="042" ind1=" " ind2=" ">
<subfield code="a">dc</subfield>
</datafield>
<datafield tag="720" ind1=" " ind2=" ">
<subfield code="a">Sánchez-Martínez, Roberto</subfield>
<subfield code="e">author</subfield>
</datafield>
<datafield tag="720" ind1=" " ind2=" ">
<subfield code="a">Sierra Garcia, Jesús Enrique</subfield>
<subfield code="e">author</subfield>
</datafield>
<datafield tag="720" ind1=" " ind2=" ">
<subfield code="a">Santos, Matilde</subfield>
<subfield code="e">author</subfield>
</datafield>
<datafield tag="260" ind1=" " ind2=" ">
<subfield code="c">2022-12</subfield>
</datafield>
<datafield tag="520" ind1=" " ind2=" ">
<subfield code="a">Automatic guidance vehicles (AGV) are industrial vehicles that play an important role in&#xd;
the development of smart manufacturing systems and Industry 4.0. To provide these autonomous&#xd;
systems with the flexibility that is required today in these industrial workspaces, AGV computational&#xd;
models are necessary in order to analyze their performance and design efficient planning and control&#xd;
strategies. To address these issues, in this work, the mathematical model and the algorithm that&#xd;
implement a computational control-oriented simulation model of a hybrid tricycle-differential AGV&#xd;
with multi-trailers have been developed. Physical factors, such as wheel-ground interaction and the&#xd;
effect of vertical and lateral loads on its dynamics, have been incorporated into the model. The model&#xd;
has been tested in simulation with two different controllers and three trajectories: a circumference,&#xd;
a square, and an s-shaped curve. Furthermore, it has been used to analyze extreme situations of&#xd;
slipping and capsizing and the influence of the number of trailers on the tracking error and the&#xd;
control effort. This way, the minimum lateral friction coefficient to avoid slipping and the minimum&#xd;
ratio between the lateral and height displacement of the center of gravity to avoid capsizing have&#xd;
been obtained. In addition, the effect of a change in the friction coefficient has also been simulated.</subfield>
</datafield>
<datafield tag="024" ind2=" " ind1="8">
<subfield code="a">http://hdl.handle.net/10259/7554</subfield>
</datafield>
<datafield tag="024" ind2=" " ind1="8">
<subfield code="a">10.3390/math10244783</subfield>
</datafield>
<datafield tag="024" ind2=" " ind1="8">
<subfield code="a">2227-7390</subfield>
</datafield>
<datafield ind1=" " ind2=" " tag="653">
<subfield code="a">Mathematical modelling</subfield>
</datafield>
<datafield ind1=" " ind2=" " tag="653">
<subfield code="a">Iterative algorithm</subfield>
</datafield>
<datafield ind1=" " ind2=" " tag="653">
<subfield code="a">Autonomous vehicle</subfield>
</datafield>
<datafield ind1=" " ind2=" " tag="653">
<subfield code="a">AGV</subfield>
</datafield>
<datafield ind1=" " ind2=" " tag="653">
<subfield code="a">Multi-trailers</subfield>
</datafield>
<datafield ind1=" " ind2=" " tag="653">
<subfield code="a">Simulation</subfield>
</datafield>
<datafield ind1=" " ind2=" " tag="653">
<subfield code="a">Control</subfield>
</datafield>
<datafield ind1=" " ind2=" " tag="653">
<subfield code="a">Industry 4.0</subfield>
</datafield>
<datafield tag="245" ind1="0" ind2="0">
<subfield code="a">Performance and Extreme Conditions Analysis Based on Iterative Modelling Algorithm for Multi-Trailer AGVs</subfield>
</datafield>
</record></metadata></record></GetRecord></OAI-PMH>